Falco Quiz - Statistiken

Allgemein
  • Dieses Quiz wurde 326 mal gespielt
  • Das Durchschnittsergebnis liegt bei 7 aus 8
Antwortstatistiken
Fragen Antorten % Korrekt
Welche Nationalität hatte Falco? Österreichisch
99%
Falcos Heimatstadt, in der auch begraben wurde Wien
91%
Wie hieß Falcos größter Hit? Rock Me Amadeus
90%
Wie starb Falco? Autounfall
88%
Im deutschsprachigen Raum gab es wegen des Textes eine heftige Kontroverse über das Lied: Jeanny
87%
Mit welchem Song hatte Falco seinen internationalen Durchbruch? Der Kommissar
79%
In welchem Land starb Falco 1998? Dominikanische Republik
61%
Welches Album wurde kurz nach seinem Tod veröffentlicht? Out of the Dark ({Into} {the} {light})
58%
Keine übereinstimmenden Quizze gefunden
Verteilung der Resultate
Anzahl Personen mit jedem Resultat
Perzentil nach korrekt beantworteten Fragen
Ihre Resultats-Entwicklung
Sie haben dieses Quiz noch nicht gespielt